Hợp tuyển truyện cổ tích thế giới

Uloženo v:
Podrobná bibliografie
Médium: Kniha
Jazyk:Undetermined
Vydáno: Hà Nội Phụ Nữ 1998
Témata:
Tagy: Přidat tag
Žádné tagy, Buďte první, kdo otaguje tento záznam!
Thư viện lưu trữ: Trung tâm Học liệu Trường Đại học Cần Thơ
LEADER 00479nam a2200157Ia 4500
001 CTU_40018
008 210402s9999 xx 000 0 und d
082 |a 398.2 
082 |b Tr527/1998 
245 0 |a Hợp tuyển truyện cổ tích thế giới 
245 0 |c Nhiều người dịch 
260 |a Hà Nội 
260 |b Phụ Nữ 
260 |c 1998 
650 |a Folk literature,Legends,Tales 
980 |a Trung tâm Học liệu Trường Đại học Cần Thơ